00818cam8a220024100 4500001001200000008004100012010002300053015001300076035001900089035002800108035002200136050001700158082001400175100003200189245006300221260004600284440006000330504003200390600006700422949006200489004000600551999001900557lce00487604700911s1969 it b 001 0beng  a 78497431 //r872 aIt69-May a(Sirsi) r13426 a(DLC) 78497431 //r872 a(UPRA)lce004876040 aQC16.L54bR4 a509.24aB1 aReilly, P. Conor.6A68693.110aFrancis Line S.J.: an exiled English scientist, 1595-1675. aRoma,bInstitutum historicum S.I.,c1969. 0aBibliotheca Instituti Historici S.I. ;vv. 296S10953.1 aBibliography: p. [139]-140.10aLine, Francis, 1595-1675.dLine, Francis, 1595-1675.6S52368.1 aQC16.L54wlcci33729000218714mMAINp2500tBOOKlON-SHELF13426 c149477d149477